Waiting for the magic / (Record no. 56)

MARC details
000 -LEADER
fixed length control field 01169cam a2200361 a 4500
001 - CONTROL NUMBER
control field 56
003 - CONTROL NUMBER IDENTIFIER
control field FISKH
005 - DATE AND TIME OF LATEST TRANSACTION
control field 20230220123044.0
008 - FIXED-LENGTH DATA ELEMENTS--GENERAL INFORMATION
fixed length control field 100614s2011 nyua c 000 1 eng
010 ## - LIBRARY OF CONGRESS CONTROL NUMBER
LC control number 2010019668
020 ## - INTERNATIONAL STANDARD BOOK NUMBER
International Standard Book Number 9781416927457 (hardcover : alk. paper)
020 ## - INTERNATIONAL STANDARD BOOK NUMBER
International Standard Book Number 9781442431256 (eBook)
040 ## - CATALOGING SOURCE
Original cataloging agency DLC
Transcribing agency DLC
Modifying agency DLC
042 ## - AUTHENTICATION CODE
Authentication code lcac
050 00 - LIBRARY OF CONGRESS CALL NUMBER
Classification number PZ7.M2225
Item number Wai 2011
082 00 - DEWEY DECIMAL CLASSIFICATION NUMBER
Classification number 443
Edition number 22
100 1# - MAIN ENTRY--PERSONAL NAME
Personal name MacLachlan, Patricia.
245 10 - TITLE STATEMENT
Title Waiting for the magic /
Statement of responsibility, etc. Patricia MacLachlan ; illustrated by Amy June Bates.
250 ## - EDITION STATEMENT
Edition statement 1st ed.
260 ## - PUBLICATION, DISTRIBUTION, ETC.
Place of publication, distribution, etc. New York :
Name of publisher, distributor, etc. Atheneum Books for Young Readers,
Date of publication, distribution, etc. c2011.
300 ## - PHYSICAL DESCRIPTION
Extent 143 p. :
Other physical details ill. ;
Dimensions 20 cm.
520 ## - SUMMARY, ETC.
Summary, etc. When Papa goes away for a little while, his family tries to cope with the separation by adopting four dogs and a cat.
521 1# - TARGET AUDIENCE NOTE
Target audience note 420
Source Lexile
521 1# - TARGET AUDIENCE NOTE
Target audience note G
Source Raz-Plus
650 #1 - SUBJECT ADDED ENTRY--TOPICAL TERM
Topical term or geographic name entry element Separation
Form subdivision Fiction.
650 #1 - SUBJECT ADDED ENTRY--TOPICAL TERM
Topical term or geographic name entry element Family life
Form subdivision Fiction.
650 #1 - SUBJECT ADDED ENTRY--TOPICAL TERM
Topical term or geographic name entry element Dogs
Form subdivision Fiction.
650 #1 - SUBJECT ADDED ENTRY--TOPICAL TERM
Topical term or geographic name entry element Cats
Form subdivision Fiction.
650 #1 - SUBJECT ADDED ENTRY--TOPICAL TERM
Topical term or geographic name entry element Human-animal communication
Form subdivision Fiction.
700 1# - ADDED ENTRY--PERSONAL NAME
Personal name Bates, Amy June,
Relator term ill.
906 ## - LOCAL DATA ELEMENT F, LDF (RLIN)
a 7
b cbc
c orignew
d 1
e ecip
f 20
g y-gencatlg
942 ## - ADDED ENTRY ELEMENTS (KOHA)
Source of classification or shelving scheme Library of Congress Classification
Koha item type Books
Suppress in OPAC No
Holdings
Withdrawn status Lost status Source of classification or shelving scheme Damaged status Not for loan Collection Home library Current library Shelving location Date acquired Total Checkouts Full call number Barcode Date last seen Date last checked out Price effective from Koha item type
    Dewey Decimal Classification     Juvenile Fiction Footprints International School Library Network Toul Kork Campus Footprints International School Library Network Toul Kork Campus   02/20/2023 3 MAC 443 PZ7.M2225 FISTK00056 02/15/2024 02/01/2024 02/20/2023 Books